| 000 | 00380nam a2200145Ia 4500 | ||
|---|---|---|---|
| 005 | 20240620062250.0 | ||
| 008 | 240331s9999 xx 000 0 und d | ||
| 082 |
_bGAN _a891.48 |
||
| 100 | _aGanesalingan, S | ||
| 245 | 0 |
_aAdaippugal _cS.Ganeshalingan |
|
| 260 |
_aChennai _bKumaran Publishers _c1998 |
||
| 300 | _a184 p ., | ||
| 500 | _aA Social Novel on Child Labor | ||
| 942 | _cL | ||
| 999 |
_c3945 _d3945 |
||